Tình khúc mùa thu
Tập hợp những tình khúc mùa thu đó là những áng thơ chưa chan tình người, tình đời.
Đã lưu trong:
| Tác giả chính: | |
|---|---|
| Định dạng: | Sách |
| Năm xuất bản: |
H.
Âm nhạc
1997
|
| Chủ đề: | |
| Tags: |
Thêm thẻ
Không có thẻ, Hãy là người đầu tiên gắn thẻ bản ghi này!
|
| LEADER | 00677nam a2200181 4500 | ||
|---|---|---|---|
| 082 | |a 782.4209597 |b V114T | ||
| 100 | |a Văn Tiến | ||
| 245 | |a Tình khúc mùa thu |c Văn Tiến | ||
| 260 | |a H. |b Âm nhạc |c 1997 | ||
| 300 | |a 31 tr. |c 19 cm | ||
| 520 | |a Tập hợp những tình khúc mùa thu đó là những áng thơ chưa chan tình người, tình đời. | ||
| 653 | |a Âm nhạc | ||
| 653 | |a Ca khúc | ||
| 653 | |a Mùa thu | ||
| 653 | |a Việt Nam | ||
| 942 | |2 ddc |c SH | ||
| 999 | |c 3157 |d 3157 | ||
| 952 | |0 0 |1 0 |2 ddc |4 0 |6 782_420959700000000_V114T |7 0 |8 700 |9 35370 |a qbu |b qbu |c D5 |d 2014-12-15 |g 6000 |o 782.4209597 V114T |p 4385.c1 |r 0000-00-00 |w 2014-12-15 |y SH |0 0 |6 782_420959700000000_V114T | ||